000 00337nam a22001457a 4500
008 210303b ||||| |||| 00| 0 eng d
020 _a9780618306169
041 _aeng
080 _26th
_a510
082 _a510
100 _a36
101 _aMAT
245 _aIntermediate Algebra with Applications
_cAufmann, R. N
942 _2udc
_cBK
999 _c55704
_d55704